[Event "SERBIA OPEN 2023 - MASTERS"]
[Site "Belgrade,Metropol Palace hotel"]
[Date "2023.07.20"]
[Round "5.98"]
[White "Pogodin, Nikolay"]
[Black "Guha, Rohit"]
[Result "1-0"]
[WhiteElo "1574"]
[BlackElo "2016"]
[PlyCount "68"]
[EventDate "2023.07.16"]

1. d4 d5 2. c4 e6 3. Nf3 Nf6 4. g3 Bb4+ 5. Bd2 Be7 6. Bg2 O-O 7. O-O a5 8. Qc2 c6 9. Ne5 Nbd7 10. Rd1 Nxe5 11. dxe5 Ng4 12. e4 Bc5 13. Be1 d4 14. Nc3 Nxe5 15. Na4 Qe7 16. Kh1 Rd8 17. h3 f6 18. a3 Ra6 19. f4 Nf7 20. Bf1 e5 21. Nxc5 Qxc5 22. b4 axb4 23. Bxb4 Qa7 24. c5 Ra4 25. Bc4 exf4 26. gxf4 Kf8 27. e5 f5 28. Rg1 d3 29. Qg2 g6 30. e6 Rd4 31. e7+ Kxe7 32. Rae1+ Kf8 33. Bxf7 Kxf7 34. Qa2+ Rd5 {Unreadable} 1-0

[Event "SERBIA OPEN 2023 - MASTERS"]
[Site "Belgrade,Metropol Palace hotel"]
[Date "2023.07.20"]
[Round "5.99"]
[White "Lopez Rayo, Isabella"]
[Black "Mishin, Matvey"]
[Result "1-0"]
[WhiteElo "1971"]
[BlackElo "1559"]
[PlyCount "71"]
[EventDate "2023.07.16"]

1. e4 e5 2. Nf3 Nc6 3. Nc3 Nf6 4. d4 exd4 5. Nxd4 Bb4 6. Nxc6 bxc6 7. Bd3 d5 8. exd5 cxd5 9. O-O O-O 10. Bg5 c6 11. h3 Be6 12. Qf3 h6 13. Bh4 Rb8 14. Rab1 Be7 15. Ne2 Rb4 16. Bxf6 Bxf6 17. c3 Rb6 18. Nf4 Qd7 19. Nh5 Be5 20. Qe3 Bd6 21. f4 Qe7 22. Qg3 f5 23. Rfe1 Qf7 24. Rxe6 Bc5+ 25. Kh2 Qxh5 26. Be2 Qf7 27. Rxh6 Bf2 28. Qg5 Be3 29. Bh5 Qc7 30. g3 c5 31. Rxb6 axb6 32. Bg6 Rf6 33. Qh5 Bxf4 34. Qh7+ Kf8 35. Qh8+ Ke7 36. Qxg7+ 1-0

[Event "SERBIA OPEN 2023 - MASTERS"]
[Site "Belgrade,Metropol Palace hotel"]
[Date "2023.07.20"]
[Round "5.100"]
[White "Teo, Hong Ming"]
[Black "Antova, Gabriela"]
[Result "1-0"]
[WhiteElo "1939"]
[BlackElo "2240"]
[PlyCount "66"]
[EventDate "2023.07.16"]

1. d4 d5 2. c4 c6 3. Nc3 Nf6 4. e3 e6 5. Nf3 Nbd7 6. Qc2 Bd6 7. Bd3 O-O 8. O-O dxc4 9. Bxc4 b5 10. Be2 Bb7 11. e4 e5 12. dxe5 Nxe5 13. Nd4 Neg4 14. Nf5 Bxh2+ 15. Kh1 Bb8 16. Bg5 b4 17. Na4 c5 18. Qxc5 Qc7 19. Qxc7 Bxc7 20. f3 h6 21. Bh4 g5 22. Be1 Ne5 23. Bxb4 Rfb8 24. Bc3 Nh5 25. Rfd1 Kh7 26. Kg1 Nf4 27. Bf1 g4 28. Nd6 Bxd6 29. Rxd6 Neg6 30. Rd7 Kg8 31. Bc4 Bc6 32. Rxf7 Ne2+ 33. Kf1 Nxc3 {Unreadable} 1-0

[Event "SERBIA OPEN 2023 - MASTERS"]
[Site "Belgrade,Metropol Palace hotel"]
[Date "2023.07.20"]
[Round "5.101"]
[White "Ljepic, Andrej"]
[Black "Krassel, Timofei"]
[Result "1/2-1/2"]
[WhiteElo "2214"]
[BlackElo "1923"]
[PlyCount "78"]
[EventDate "2023.07.16"]

1. e4 e6 2. d3 d5 3. Nd2 dxe4 4. Nxe4 Nf6 5. Qe2 Nc6 6. c3 b6 7. d4 Bb7 8. Nxf6+ Qxf6 9. Nf3 Bd6 10. Qc2 h6 11. Bd3 e5 12. d5 Ne7 13. c4 c6 14. dxc6 Nxc6 15. Bd2 Nb4 16. Bxb4 Bxb4+ 17. Ke2 O-O 18. Be4 Qe7 19. a3 Bc5 20. g4 b5 21. Rhe1 Rac8 22. Kf1 bxc4 23. Nxe5 Bxe4 24. Qxe4 Qh4 25. Qg2 Bd4 26. Re2 c3 27. bxc3 Rxc3 28. Rd1 Bxe5 29. Rxe5 Rxa3 30. g5 h5 31. Re4 Qh3 32. Qxh3 Rxh3 33. Kg2 Ra3 34. Rd7 g6 35. Ree7 a5 36. Ra7 Ra4 37. h3 Ra3 38. Re5 a4 39. Re4 Rb8 1/2-1/2

[Event "SERBIA OPEN 2023 - MASTERS"]
[Site "Belgrade,Metropol Palace hotel"]
[Date "2023.07.20"]
[Round "5.102"]
[White "Loshkarev, Dmitri"]
[Black "Ashvath, Mittal"]
[Result "1/2-1/2"]
[WhiteElo "1997"]
[BlackElo "1768"]
[PlyCount "95"]
[EventDate "2023.07.16"]

1. e4 c5 2. Nc3 d6 3. g3 g6 4. Bg2 Nc6 5. d3 Bg7 6. Be3 Rb8 7. Qd2 b5 8. Nge2 b4 9. Nd1 Nd4 10. O-O h5 11. c3 bxc3 12. bxc3 Nxe2+ 13. Qxe2 e6 14. e5 Bxe5 15. Bxc5 Qc7 16. Bd4 Bxd4 17. cxd4 Ne7 18. d5 O-O 19. Ne3 exd5 20. Bxd5 Bb7 21. Rfc1 Qd7 22. Qf3 Nxd5 23. Nxd5 Qe6 24. Nf6+ Kg7 25. Ne4 Bxe4 26. Qxe4 Qxe4 27. dxe4 Rfc8 28. Rxc8 Rxc8 29. Rd1 Rc2 30. a3 Rc3 31. h4 Rxa3 32. Rxd6 a5 33. Ra6 Ra1+ 34. Kg2 a4 35. e5 Re1 36. f4 Re4 37. Ra7 Kf8 38. Kf3 Rb4 39. Kg2 Rb2+ 40. Kf3 Rb3+ 41. Kf2 Rc3 42. Kg2 Rc2+ 43. Kf3 Rc3+ 44. Kg2 Rb3 45. Kf2 Rd3 46. Kg2 Rc3 47. Kf2 Rc2+ 48. Kf3 1/2-1/2

[Event "SERBIA OPEN 2023 - MASTERS"]
[Site "Belgrade,Metropol Palace hotel"]
[Date "2023.07.20"]
[Round "5.103"]
[White "Taran, Egor A"]
[Black "Zmijanac, Dusko"]
[Result "0-1"]
[WhiteElo "1741"]
[BlackElo "1973"]
[PlyCount "76"]
[EventDate "2023.07.16"]

1. e4 c5 2. Nf3 e6 3. d4 cxd4 4. Nxd4 Nc6 5. Nc3 Qc7 6. Be2 a6 7. O-O Nf6 8. Kh1 b5 9. Nxc6 dxc6 10. f4 b4 11. e5 Nd5 12. Ne4 c5 13. c4 bxc3 14. bxc3 Bb7 15. Bf3 Rd8 16. Qa4+ Bc6 17. Qxa6 Be7 18. Qe2 O-O 19. a3 Rd7 20. c4 Nb6 21. Be3 Rfd8 22. Rfc1 h6 23. Qf2 Na4 24. Nc3 Nxc3 25. Rxc3 Qb7 26. Be2 Qb2 27. Rcc1 Be4 28. a4 Rd2 29. Bxd2 Rxd2 30. Re1 Bd3 31. Qe3 Bxe2 32. Rab1 Qc2 33. Rb7 Bh4 34. Rg1 Bxc4 35. Qxc5 Bf2 36. Qe7 Qf5 37. Rb8+ Kh7 38. Qb4 Rc2 0-1

[Event "SERBIA OPEN 2023 - MASTERS"]
[Site "Belgrade,Metropol Palace hotel"]
[Date "2023.07.20"]
[Round "5.104"]
[White "Grigorieva, Sofia"]
[Black "Girgis, Lazar"]
[Result "1/2-1/2"]
[WhiteElo "1496"]
[BlackElo "1965"]
[PlyCount "79"]
[EventDate "2023.07.16"]

1. d4 Nf6 2. c4 g6 3. Nc3 d5 4. Nf3 Bg7 5. Bg5 Ne4 6. cxd5 Nxg5 7. Nxg5 e6 8. Nf3 exd5 9. e3 a6 10. Be2 Nc6 11. a3 Ne7 12. b4 c6 13. Qb3 h6 14. O-O O-O 15. Na4 Nf5 16. Nc5 Nd6 17. a4 b6 18. Nd3 Ne4 19. Rfc1 Bb7 20. Ra2 b5 21. Nc5 Nxc5 22. Rxc5 Re8 23. Rc1 Qb6 24. a5 Qa7 25. Rac2 Re6 26. Ne1 Bf8 27. Nd3 Bd6 28. Nc5 Bxc5 29. Rxc5 Rae8 30. g3 Qb8 31. Bf3 Qd8 32. Qd3 f5 33. R5c2 Qe7 34. Bxd5 cxd5 35. Rc7 Qxb4 36. Rxb7 R6e7 37. Rb6 Re6 38. Rb7 R6e7 39. Rb6 Re6 40. Rb7 1/2-1/2

[Event "SERBIA OPEN 2023 - MASTERS"]
[Site "Belgrade,Metropol Palace hotel"]
[Date "2023.07.20"]
[Round "5.105"]
[White "Jevtic, Miroljub"]
[Black "Mijic, Sara"]
[Result "1-0"]
[WhiteElo "1963"]
[BlackElo "1736"]
[PlyCount "56"]
[EventDate "2023.07.16"]

1. d4 Nf6 2. Nf3 g6 3. c3 d5 4. h3 Bg7 5. Bf4 c5 6. e3 Nc6 7. Nbd2 Bf5 8. g4 Be4 9. Nxe4 Nxe4 10. Bd3 Nf6 11. Ne5 Nd7 12. Nxc6 bxc6 13. Qa4 Qb6 14. O-O h5 15. g5 c4 16. Bc2 e5 17. Bh2 O-O 18. b3 Qd8 19. h4 Qc8 20. Bg3 exd4 21. cxd4 f6 22. Bxg6 fxg5 23. Qa3 gxh4 24. Bxh4 Nf6 25. Qd6 Ne4 26. Bxe4 dxe4 27. Rae1 Qf5 28. Bg3 Rae8 {Unreadable} 1-0

[Event "SERBIA OPEN 2023 - MASTERS"]
[Site "Belgrade,Metropol Palace hotel"]
[Date "2023.07.20"]
[Round "5.106"]
[White "Stefan, Iulia-Cristiana"]
[Black "Sakmak, Kutay"]
[Result "0-1"]
[WhiteElo "1679"]
[BlackElo "1874"]
[PlyCount "100"]
[EventDate "2023.07.16"]

1. d4 Nf6 2. Bf4 g6 3. Nf3 Bg7 4. Nbd2 d6 5. c3 O-O 6. e4 Nbd7 7. Be2 Re8 8. h3 e5 9. dxe5 dxe5 10. Be3 Qe7 11. O-O a5 12. Qc2 b6 13. Rfe1 Bb7 14. Bb5 Red8 15. Bg5 h6 16. Bh4 g5 17. Bg3 Nh5 18. Bh2 Nf4 19. Bf1 h5 20. Bg3 Nc5 21. b3 Rd6 22. Nc4 Rg6 23. Nfd2 h4 24. Bh2 g4 25. hxg4 Rxg4 26. Ne3 Nh3+ 27. Kh1 Nxf2+ 28. Kg1 Nh3+ 29. Kh1 Rxe4 30. Nxe4 Bxe4 31. Qe2 Nd3 32. Ng4 f5 33. Qe3 Ndf4 34. Bxf4 Nxf4 35. Nf2 Nh5 36. Nxe4 fxe4 37. Bc4+ Kh8 38. Bd5 Rf8 39. Bxe4 Ng3+ 40. Kh2 Rf4 41. Qd3 Qg5 42. Rad1 Nxe4 43. Rxe4 Qg3+ 44. Qxg3 hxg3+ 45. Kxg3 Rxe4 46. Rd8+ Kh7 47. Kf3 Rf4+ 48. Ke3 Kg6 49. Rd7 Rf7 50. Rd5 Kf5 0-1

[Event "SERBIA OPEN 2023 - MASTERS"]
[Site "Belgrade,Metropol Palace hotel"]
[Date "2023.07.20"]
[Round "5.107"]
[White "Vlahovic, Milan"]
[Black "Ilic, Ilija"]
[Result "1-0"]
[WhiteElo "2182"]
[BlackElo "1787"]
[PlyCount "77"]
[EventDate "2023.07.16"]

1. d4 d6 2. Nf3 Nf6 3. c4 g6 4. g3 Bg7 5. Bg2 O-O 6. O-O Nc6 7. Nc3 a6 8. d5 Ne5 9. Nxe5 dxe5 10. h3 Rb8 11. a4 Bd7 12. a5 Qc8 13. Kh2 h5 14. Bg5 Re8 15. Qd2 Nh7 16. Bh6 Bh8 17. f4 f5 18. e4 exf4 19. Bxf4 Rf8 20. Rae1 b6 21. exf5 gxf5 22. Rxe7 Bf6 23. Re2 bxa5 24. Bf3 Be8 25. Bh6 Bg7 26. Bxg7 Kxg7 27. Re7+ Bf7 28. Bxh5 Rb4 29. Rf2 Rb6 30. Qd4+ Kg8 31. Qe5 Rf6 32. Rxc7 Qd8 33. Bxf7+ R8xf7 34. Rxf7 Rxf7 35. Rxf5 Re7 36. Qd4 Qb8 37. Rf2 Rb7 38. Ne4 Rg7 39. d6 1-0

[Event "SERBIA OPEN 2023 - MASTERS"]
[Site "Belgrade,Metropol Palace hotel"]
[Date "2023.07.20"]
[Round "5.108"]
[White "Lojpur, Nenad"]
[Black "Pajcin, Lav"]
[Result "0-1"]
[WhiteElo "1743"]
[BlackElo "2296"]
[PlyCount "108"]
[EventDate "2023.07.16"]

1. d4 e6 2. e4 d5 3. e5 c5 4. c3 Qb6 5. Nf3 Bd7 6. Be2 Bb5 7. O-O Bxe2 8. Qxe2 Qa6 9. Qd1 cxd4 10. cxd4 Nc6 11. Nc3 Bb4 12. a3 Bxc3 13. bxc3 Nge7 14. a4 Qc4 15. Bb2 Na5 16. Ra3 Rc8 17. Nd2 Qc7 18. Qe2 Nc4 19. Nxc4 Qxc4 20. Qd2 O-O 21. f4 f6 22. Raa1 Rf7 23. exf6 Rxf6 24. Ba3 Nf5 25. Bb4 Qc6 26. g4 Nd6 27. Bxd6 Qxd6 28. Rf3 Rcf8 29. Raf1 Rc8 30. Qe3 Rc4 31. f5 Rc8 32. Qe5 Qd7 33. g5 Rxf5 34. Rxf5 exf5 35. Rxf5 Rd8 36. h4 Qxa4 37. Qe6+ Kh8 38. h5 Qd1+ 39. Rf1 Qxh5 40. Qf5 Qe8 41. Rf3 Kg8 42. Kf2 a5 43. Qf4 Qe7 44. Qg3 a4 45. Re3 Qd7 46. Re5 a3 47. Qe3 a2 48. Qe1 Rc8 49. Qa1 Qb5 50. Re1 Qd3 51. Kg2 Qd2+ 52. Kf1 Rf8+ 53. Kg1 Qf2+ 54. Kh1 Rf4 0-1

[Event "SERBIA OPEN 2023 - MASTERS"]
[Site "Belgrade,Metropol Palace hotel"]
[Date "2023.07.20"]
[Round "5.109"]
[White "Maksimovic, Miroslav"]
[Black "Omarsson, Josef"]
[Result "1-0"]
[WhiteElo "2109"]
[BlackElo "1710"]
[PlyCount "109"]
[EventDate "2023.07.16"]

1. d4 Nf6 2. c4 g6 3. Nc3 Bg7 4. e4 d6 5. Nf3 O-O 6. Be2 c5 7. O-O cxd4 8. Nxd4 Nc6 9. Be3 Bd7 10. h3 a6 11. a4 Qc7 12. Rc1 Nxd4 13. Bxd4 Qa5 14. b3 Qg5 15. f4 Qa5 16. e5 dxe5 17. fxe5 Nh5 18. Bxh5 gxh5 19. Nd5 Qd8 20. Bb6 Qe8 21. Nc7 Qc8 22. Nxa8 Qc6 23. Qd5 Rxa8 24. Qxc6 Bxc6 25. Rfe1 Kh8 26. Rcd1 h6 27. Rd8+ Rxd8 28. Bxd8 e6 29. Bf6 Bxf6 30. exf6 Kh7 31. a5 Kg6 32. Rf1 Be4 33. Rf2 Bd3 34. Rd2 Be4 35. b4 Kxf6 36. b5 Ke7 37. bxa6 bxa6 38. Kf2 f5 39. Kg3 e5 40. Kh4 Ba8 41. Kxh5 e4 42. Re2 Kf6 43. g3 Kg7 44. Re1 Bc6 45. Rf1 Be8+ 46. Kh4 Kg6 47. g4 Bd7 48. gxf5+ Bxf5 49. c5 Bd7 50. Rd1 Be6 51. Kg3 Kf5 52. c6 Kf6 53. c7 e3 54. Rd6 e2 55. Kf2 1-0

[Event "SERBIA OPEN 2023 - MASTERS"]
[Site "Belgrade,Metropol Palace hotel"]
[Date "2023.07.20"]
[Round "5.110"]
[White "Davidov, Lazar"]
[Black "Udovenko, Daniel"]
[Result "1/2-1/2"]
[WhiteElo "1901"]
[BlackElo "1856"]
[PlyCount "52"]
[EventDate "2023.07.16"]

1. d4 Nf6 2. Nf3 g6 3. Bf4 Bg7 4. Nc3 c5 5. e3 cxd4 6. exd4 d5 7. Nb5 Na6 8. Bd3 O-O 9. O-O Bg4 10. h3 Bxf3 11. Qxf3 Nb4 12. Nc3 Nc6 13. Ne2 Nh5 14. c3 Nxf4 15. Nxf4 e6 16. Rfe1 Rc8 17. Bb5 Na5 18. Nd3 a6 19. Ba4 Nc4 20. Bb3 Nd6 21. Nc5 Qc7 22. h4 Nf5 23. Qg4 h5 24. Qg5 Bh6 25. Qf6 Bg7 26. Qg5 Bh6 1/2-1/2

[Event "SERBIA OPEN 2023 - MASTERS"]
[Site "Belgrade,Metropol Palace hotel"]
[Date "2023.07.20"]
[Round "5.111"]
[White "Radojicic, Aleksandar M"]
[Black "Vasilkov, Nikolay"]
[Result "0-1"]
[WhiteElo "2203"]
[BlackElo "1834"]
[PlyCount "134"]
[EventDate "2023.07.16"]

1. d4 Nf6 2. Nf3 e6 3. c4 d5 4. Nc3 c6 5. e3 Nbd7 6. Qc2 Bd6 7. Be2 O-O 8. O-O b6 9. b3 Bb7 10. Bb2 Rc8 11. Rad1 Qe7 12. Rfe1 c5 13. cxd5 exd5 14. Qb1 Rfd8 15. g3 a6 16. Nh4 g6 17. Bf3 cxd4 18. Rxd4 Be5 19. Rd3 Nc5 20. Rdd1 Nfe4 21. Ne2 Qf6 22. Bxe5 Qxe5 23. Bg2 Ne6 24. Nf3 Qf6 25. Qa1 d4 26. Nexd4 N6g5 27. h4 Rxd4 28. hxg5 Rxd1 29. Rxd1 Qxa1 30. Rxa1 Rc5 31. Nd2 Nd6 32. Bxb7 Nxb7 33. Ne4 Re5 34. Nf6+ Kg7 35. Nd7 Rxg5 36. Nxb6 Rb5 37. Nc4 Na5 38. Nxa5 Rxa5 39. a4 Rc5 40. b4 Rc6 41. b5 axb5 42. axb5 Rb6 43. Rb1 Kf6 44. Kg2 Ke5 45. Kf3 f5 46. Ke2 Kd5 47. Kd3 g5 48. f3 h5 49. f4 g4 50. Kc3 Ke4 51. Kc4 Kf3 52. Kc5 Rh6 53. b6 Kxg3 54. b7 Rh8 55. b8=Q Rxb8 56. Rxb8 h4 57. Kd5 h3 58. e4 Kxf4 59. e5 h2 60. Rh8 g3 61. e6 g2 62. e7 h1=Q 63. e8=Q Qd1+ 64. Kc4 g1=Q 65. Qb8+ Kf3 66. Qb7+ Kf2 67. Qb2+ Qe2+ 0-1

[Event "SERBIA OPEN 2023 - MASTERS"]
[Site "Belgrade,Metropol Palace hotel"]
[Date "2023.07.20"]
[Round "5.112"]
[White "Stojanovic, Srdjan"]
[Black "Yang, Maxwell"]
[Result "0-1"]
[WhiteElo "1686"]
[BlackElo "1806"]
[PlyCount "58"]
[EventDate "2023.07.16"]

1. d4 Nf6 2. c4 g6 3. Nf3 Bg7 4. g3 O-O 5. Bg2 c6 6. O-O d6 7. Nc3 Bf5 8. Nh4 Be6 9. Qd3 d5 10. b3 Qa5 11. Bd2 Qa6 12. cxd5 Qxd3 13. exd3 Nxd5 14. Nxd5 cxd5 15. Be3 Nc6 16. Rac1 Rac8 17. Nf3 Nb4 18. Rcd1 Bg4 19. h3 Bxf3 20. Bxf3 e6 21. a3 Nc2 22. Bg2 Nxa3 23. Ra1 Nb5 24. Ra4 a6 25. Rb4 Rc3 26. Rd1 Rfc8 27. Bf1 Bf8 28. Ra4 Rxb3 29. Kg2 Nc3 0-1